000 00374nam a2200133u 4500
082 _a621.6
_bKOV
_cL-23, P-7
100 1 _aKováts, Andreas von. [from old catalog]
_941778
245 0 0 _aPumps, fans and compressors
260 _aLondon,
_bBlackie,
_c1958.
300 _a327 p.
_c24 cm.
526 _a0
_b0
_c0
_d621_600000000000000_KOV
650 _aMCE
_9379
942 _2ddc
_cBK
999 _c545820
_d545820